| 000 | 00462nam a2200181Ia 4500 | ||
|---|---|---|---|
| 008 | 170705s9999 xx 000 0 und d | ||
| 020 | _a9780545110358 | ||
| 245 | _aHorrible Harry cracks the code / | ||
| 245 | _cSuzy Kline ; pictures by Frank Remkiewicz. | ||
| 260 | _aNew York : | ||
| 260 | _bScholastic, | ||
| 260 | _c2007 | ||
| 300 | _a66 pages : | ||
| 300 | _bcolor illustration ; | ||
| 300 | _c19cm. | ||
| 440 | _aHorrible Harry. | ||
| 500 | _a540 | ||
| 999 |
_c335973 _d335973 |
||